000 00661nam a2200229 a 4500
001 14151
003 BD-JhCC
005 20250203121804.0
008 250203b20142018e a|||| ||a| 001 0 eng d
020 _a9780241317655
035 _a(BD-JhCC)14151
040 _aBD-JhCC
_dBD-JhCC
041 _aenglish
082 _a940.32
_bGRA 2018
100 _a Grant,R. G.
245 _aWorld War I :
_b the definitive visual guide /
_cR. G. Grant .
260 _a London:
_bDorling Kindersley;
_c2018.
300 _a372 p. :
_bill;
_c31 cm.
600 _a History and Tradition
_cWorld War, 1914-1918
_x1914-1918
_zMilitary campaigns
942 _2ddc
_cBK
999 _c14151
_d14151